1360 1200 1436 1851 1719 1283 1084 1454 1586 1694 1839 1318 1122 1318 1927 1874 1290 1666 1133 1016 1990 1056 1133 1379 1124 1068 1274 1127 1746 1373 1390 1960 1321 1405 1141 1307 1723 1205 1875 1576 1657 1961 1031 1328 1535 1451 1949 1604 1036 1725 1432 1308 1397 1011 1097 1270 1232 1685 1319 1041 1715 1779 1904 1934 1392 1117 1691 1980 1940 1359 1578 1791 1860 1073 1489 1033 1608 1869 1195 1452 1461 1412 1994 1239 1382 1970 1227 1770 1236 1266 1959 1931 1112 1078 1601 1895 1098 1213 1697 BCNSPRNW ULIB Ver.6.0+V

เปลี่ยนเป็นภาษาไทย

Change to English
 แสดงรายละเอียดบรรณานุกรม
  กลับหน้าหลัก

Brief Record : Get Marc (ISO 2709) : E-mail record : QR code < ปิดหน้าต่าง
LEADER : 00000nam 2200000uu 4500
001    13399113871
003     ULIB
008    120110s||||||||th 000 0 tha d
099    วจ.WY18.8^bป145อ
100 0  ปฐมามาศ โชติบัณ
245 00 อุปนิสัยเชิงรุกของนักศึกษาพยาบาลที่ขึ้นฝึกปฏิบัติวิชาการบริหารการพยาบาล วิทยาลัยพยาบาลบรมราชชนนี สงขลา/^cปฐมามาศ โชติบัณ,ธารินี นนทพุทธ และ อมร วัฒนธีรางกูร
260    สงขลา :^bวิทยาลัยพยาบาลบรมราชชนนี สงขลา,^c2550
300    56 หน้า :^bตาราง
500    รายงานการวิจัย
650  7 การศึกษาพยาบาล^xวิจัย
700 02 ธารินี นนทพุทธ
700 02 อมร วัฒนธีรางกูร
710 1  วิทยาลัยพยาบาลบรมราชชนนี สงขลา
945    ^p0^l0^i030931
995    ทศพร
999 ^a ทศพร
รายการนี้ยังไม่มีแท็ก
คุณยังไม่ได้ล็อกอิน คุณสามารถมีกิจกรรมร่วมกับเว็บไซต์ได้ แต่ต้องล็อกอินก่อน ::
  ล็อกอิน

รายการสื่อสารสนเทศ

ลำดับที่ ประเภท เลขเรียก/บาร์โค้ด สถานที่ สถานะ
1. งานวิจัย
งานวิจัย
วจ.WY18.8 ป145อ ฉ.1 
  Barcode: 030931
ห้องสมุดวิทยาเขตสวรรค์ประชารักษ์
►วิจัย
บนชั้น

รายการใกล้เคียง
    ผู้แต่ง [ปฐมามาศ โชติบัณ]

BibComment


ยังไม่เคยถูกคอมเมนท์

คอมเมนท์ทรัพยากรรายการนี้
  คอมเมนท์: อุปนิสัยเชิงรุกขอ..


 Copyright 2026. Bcnsprnw @Library